The economics of science methodology and epistemology as if economics really mattered /

Bibliographic Details
Main Author: Wible, James R., 1951-
Corporate Author: ProQuest (Firm)
Format: Electronic eBook
Language:English
Published: London ; New York : Routledge, 1998.
Series:Routledge frontiers of political economy ; 13.
Subjects:
Online Access:Click to View
LEADER 01439nam a2200373 a 4500
001 EBC180127
003 MiAaPQ
005 20200520144314.0
006 m o d |
007 cr cn|||||||||
008 970402s1998 enka sb 001 0 eng
010 |z  97015191  
020 |z 0415172578 
035 |a (MiAaPQ)EBC180127 
035 |a (Au-PeEL)EBL180127 
035 |a (CaPaEBR)ebr10017700 
035 |a (CaONFJC)MIL5385 
035 |a (OCoLC)437082696 
040 |a MiAaPQ  |c MiAaPQ  |d MiAaPQ 
050 4 |a Q175.5  |b .W52 1998 
082 0 4 |a 303.48/3  |2 21 
100 1 |a Wible, James R.,  |d 1951- 
245 1 4 |a The economics of science  |h [electronic resource] :  |b methodology and epistemology as if economics really mattered /  |c James R. Wible. 
260 |a London ;  |a New York :  |b Routledge,  |c 1998. 
300 |a xviii, 266 p. :  |b ill. 
490 1 |a Routledge frontiers of political economy,  |x 1359-7914 ;  |v 13 
504 |a Includes bibliographical references (p. 248-260) and index. 
533 |a Electronic reproduction. Ann Arbor, MI : ProQuest, 2015. Available via World Wide Web. Access may be limited to ProQuest affiliated libraries. 
650 0 |a Science  |x Social aspects. 
650 0 |a Fraud in science. 
655 4 |a Electronic books. 
710 2 |a ProQuest (Firm) 
830 0 |a Routledge frontiers of political economy ;  |v 13. 
856 4 0 |u https://ebookcentral.proquest.com/lib/matrademy/detail.action?docID=180127  |z Click to View